000 00675nam a22002171i 4500
003 OSt
005 20260403130019.0
008 260321s1996 at ||||| |||| 00| 0 eng d
020 _a0646282476
040 _aLHL
_beng
_cLHL
_dLHL
_erda
041 _aeng
_htib
100 _aLoden, Geshe Acharya Thubten
245 _aThe fundamental potential for enlightenment :
_bin Tibetan Buddhism.
264 _aMelbourne, Australia :
_bTushita publications,
_c1996.
300 _a310 pages :
_billustrations ;
_c21 cm
336 _2rdacontent
_atext
_btxt
337 _2rdamedia
_aunmediated
_bn
338 _2rdacarrier
_avolume
_bnc
650 _aBuddhism
_xDoctrines
942 _2LCS
_cBOOK
_n0
999 _c2884
_d2884